Statistics for Multi Oscar Nominated Movies with No Wins

Click here to take the quiz!

General Stats

  • This quiz has been taken 56 times
  • The average score is 18 of 25

Answer Stats

#YearHintFilm% Correct
52003Meet captain Jack Sparrow Verbinski, Depp, BloomPirates of the Caribbean
98%
71994Prison drama Darabont, Tim Robbins, Morgan FreemanThe Shawshank Redemption
90%
61999Boy sees dead people Shyamalan, Willis, OsmentThe Sixth Sense
90%
52013Stockbroker illegality and excess Scorsese, DiCaprioThe Wolf of Wall Street
90%
71990Mafia sequel sequel Coppola, Pacino, CoppolaThe Godfather Part III
88%
62011Baseball manager drafts overlooked players Miller, Pitt, HillMoneyball
85%
72015Astronaut stranded on Mars Ridley Scott, DamonThe Martian
85%
102002Clans of the Big Apple? Scorsese, Day-LewisGangs of New York
83%
52006Gems and war in Sierra Leone Zwick, DiCaprioBlood Diamond
81%
62013Ship hijacked by Somali pirates Greengrass, HanksCaptain Phillips
79%
51991Peter Pan all grown up Spielberg, Robin Williams, HoffmanHook
79%
81980Deformed man in Victorian London David Lynch, HurtThe Elephant Man
75%
51946Classic Christmas movie Capra, Jimmy StewartIt's a Wonderful Life
69%
62010Arm trapped by boulder for 5+ days Boyle, James Franco127 Hours
67%
111985African-American woman survives abuse Spielberg, WhoopiThe Color Purple
67%
52015Back to a galaxy far far away Abrams, Ridley, DriverThe Force Awakens
67%
62011Young man and stallion in WWI Spielberg, IrvineWar Horse
67%
102013USA Swindle? David O. Russell, Bale, Cooper, AdamsAmerican Hustle
65%
61981German submarine movie Petersen, ProchnowDas Boot
65%
102010Old West lawmen hired by girl Coen Bros, Bridges, DamonTrue Grit
65%
72003Underdog race horse wins Ross, Tobey Maguire, BridgesSeabiscuit
54%
61987Lost boy in China during WWII Spielberg, Bale, MalkovichEmpire of the Sun
44%
61987Spurned mistress boils bunny Lyne, Glenn Close, DouglasFatal Attraction
42%
71944Twice Insurance? Classic film noir Billy Wilder, MacMurrayDouble Indemnity
40%
71999Whistleblower exposes big tobacco Mann, CroweThe Insider
33%

Score Distribution

Percentile by Number Answered

Percent of People with Each Score

Your Score History

You have not taken this quiz